000 00633nam a22001697a 4500
008 090316t xxu||||| |||| 00| 0 eng d
050 _aBX126.2
_b.K47 1997
100 _aI, Aram
245 _aThe challenge to be a church in a changing world
_cHis holiness Aram I
260 _aNew York
_bThe Armenian Prelacy
_c1997
300 _a206p. ;
_c23cm
650 _2Armenian church
650 _2Church and social problems
_y20th century
650 _2Church and the world
_xHistory
_y20th century
942 _2lcc
_cBK
999 _c33906
_d33906